000 01450cam a2200193 4500500
005 20260208001756.0
041 _afre
042 _adc
100 1 0 _ade Béchillon, Catherine
_eauthor
245 0 0 _aLe travail social, formation à l'accompagnement
260 _c2009.
500 _a100
520 _aRésuméDésigner par accompagnement certaines actions, peut-être même certaines méthodes de travail social, n’est-il pas donner l’illusion qu’il s’agit d’une façon de faire facile, ne justifiant aucun effort, ni surtout aucune formation, parce que dans la vie, chacun peut se sentir apte à faire œuvre d’accompagnement ? Un regard clinique sur ce que peut être un accompagnement, dans certaines situations, en comparaison avec un processus d’aide plus classique, permet de l’inclure dans les méthodes de travail social, mais avec ces conditions : qu’il s’effectue avec la même conscience du chemin qu’il faut choisir pour apporter l’aide, avec la même vigilance aux mots que l’on écoute et que l’on emploie, et la même exigence d’une formation solide et continue, pour qu’il soit un instrument professionnel efficace.
690 _acapacité à être seul
690 _aformation professionnelle
690 _atravail social
786 0 _nEmpan | 74 | 2 | 2009-08-11 | p. 107-112 | 1152-3336
856 4 1 _uhttps://shs.cairn.info/revue-empan-2009-2-page-107?lang=fr&redirect-ssocas=7080
999 _c1645199
_d1645199